00675pam a2200217 a 4500003000400000005001700004008004100021020001500062040000900077082001600086245005900102250001200161260003200173300002400205500002000229504003000249700003100279942001500310999001500325952011700340OSt20260512154049.0870626s1988 enk b 001 0 eng  a0582020417 cIRDP00a320.941 CHA04aThe Changing British political system:binto the 1990s a2nd ed. aNew York :bLongman,c1988. ax, 250 p. ;c24 cm. aIncludes index. aBibliography: p. 234-241.1 aBudge, Ian. ... [et al.]. 2ddccBOOKS c9778d9778 00102ddc4070a1000b1000cGround Floor d2026-05-12l0o320.941 CHApLIB003613r2026-05-12w2026-05-12yBOOKS